Las Islas Filipinas (Record no. 184482)

MARC details
000 -LEADER
campo de control de longitud fija 00621nam a2200157 i 4500
001 - NÚMERO DE CONTROL
campo de control 184482
003 - IDENTIFICADOR DE NÚMERO DE CONTROL
campo de control ES-MaACL
005 - FECHA Y HORA DE LA ÚLTIMA TRANSACCIÓN
campo de control 20230906222216.0
008 - DATOS DE LONGITUD FIJA--INFORMACIÓN GENERAL
campo de control de longitud fija 150911s1878 phl |||| | spa d
245 04 - MENCIÓN DEL TÍTULO
Título Las Islas Filipinas
Resto del título : progresos en 70 años : estado a principios de este siglo, segun don Tomás de Comyn, y en 1878, segun el editor de la revista de Filipinas.
260 ## - PUBLICACIÓN, DISTRIBUCIÓN, ETC.
Lugar de publicación, distribución, etc. Manila :
Nombre del editor, distribuidor, etc. [s.n.],
Fecha de publicación, distribución, etc. 1878 (
Fabricante Imp. de la Oceanía Española)
300 ## - DESCRIPCIÓN FÍSICA
Extensión XII, 430 p. ;
Dimensiones 19 cm.
651 #4 - PUNTO DE ACCESO ADICIONAL DE MATERIA--NOMBRE GEOGRÁFICO
Nombre geográfico Filipinas-
Subdivisión general Situación económica-
Subdivisión de forma Historia.
9 (RLIN) 157430
700 1# - ENTRADA AGREGADA--NOMBRE PERSONAL
Nombre de persona Comyn, Tomás de.
9 (RLIN) 157431
852 ## - LOCALIZACIÓN
Ubicación ES-MaACL
Número de control de estantería G-11666
Holdings
Estatus retirado Estado de pérdida Estado de daño No para préstamo Colección Biblioteca de origen Biblioteca actual Ubicación en estantería Fecha de adquisición Fuente de adquisición Total de préstamos Signatura topográfica completa Código de barras Visto por última vez Precio de reemplazo Tipo de ítem Koha
        Libros del s. XIX Biblioteca del Ateneo de Madrid Biblioteca del Ateneo de Madrid Sala Pecera Planta 3 11/09/2015     G-11666 1194161 23/02/2023 23/02/2023 Libro impreso antiguo